<?xml version="1.0" encoding="UTF-8"?>
<collection xmlns="http://www.loc.gov/MARC21/slim">
 <record>
  <leader>00880pamaa2200181   4500</leader>
  <controlfield tag="001">0000037415</controlfield>
  <controlfield tag="005">20060810090000.0</controlfield>
  <datafield tag="020" ind1="0" ind2="0">
   <subfield code="a">3540665986 (pbk) </subfield>
  </datafield>
  <datafield tag="082" ind1=" " ind2=" ">
   <subfield code="a">004.36 IFI</subfield>
  </datafield>
  <datafield tag="090" ind1="0" ind2="0">
   <subfield code="a">QA76.9.D5 </subfield>
   <subfield code="b">IFI 1999</subfield>
  </datafield>
  <datafield tag="110" ind1="2" ind2="0">
   <subfield code="a">IFIP/IEEE International Workshop on Distributed Systems: operations and management (10th:1999: Zurich, Switerzland</subfield>
  </datafield>
  <datafield tag="245" ind1="1" ind2="0">
   <subfield code="a">Active technologies for network and service management : </subfield>
   <subfield code="b">10th IFIP/IEEE International Workshop on Distributed systems, operations and Management, DSOM'99 Zurich, Switerzland, October 11-13, 1999: proceedings  </subfield>
   <subfield code="c">Rolf Stadler, Burkhard Stiller (eds.).</subfield>
  </datafield>
  <datafield tag="260" ind1="0" ind2="0">
   <subfield code="a">New York: </subfield>
   <subfield code="b">Springer, </subfield>
   <subfield code="c">c1999.</subfield>
  </datafield>
  <datafield tag="300" ind1=" " ind2=" ">
   <subfield code="a">xii, 296p.: </subfield>
   <subfield code="b">ill.; </subfield>
   <subfield code="c">24 cm.</subfield>
  </datafield>
  <datafield tag="440" ind1="0" ind2="0">
   <subfield code="a">Lecture notes in computer science 1700</subfield>
  </datafield>
  <datafield tag="650" ind1="0" ind2="0">
   <subfield code="a">Electronic data processing -- </subfield>
   <subfield code="x">Distributed processing -- </subfield>
   <subfield code="x">Congresses </subfield>
  </datafield>
  <datafield tag="700" ind1="1" ind2="1">
   <subfield code="a">Stadler, </subfield>
   <subfield code="h">Rolf </subfield>
  </datafield>
  <datafield tag="700" ind1="1" ind2="1">
   <subfield code="a">Stiller, </subfield>
   <subfield code="h">Burkhard </subfield>
  </datafield>
 </record>
</collection>
